| 000 | 00550nam a2200205 a 4500 | ||
|---|---|---|---|
| 001 | 85068 | ||
| 003 | BD-RjUL | ||
| 005 | 20250626123543.0 | ||
| 008 | 250626s1929 bg ||||| |||| 00| 0 eng d | ||
| 035 | _a(BD-RjUL)85068 | ||
| 040 |
_aBD-RjUL _beng _cBD-RjUL |
||
| 041 | _aeng | ||
| 082 |
_223 _a658.3 _bBHP 1929 |
||
| 100 |
_aBhattasali, N. K. _915803 |
||
| 245 |
_aThe Personnel Field / _cN. K. Bhattasali |
||
| 260 |
_aDhaka : _bBrittish Museum Com. _c1929 |
||
| 300 |
_a620 p.: _bill.; _c23 cm. |
||
| 650 | _aPersonnel Management | ||
| 942 |
_2ddc _cBK |
||
| 999 |
_c85068 _d85068 |
||